000 00435nam a2200169Ia 4500
005 20251020182600.0
008 200515s9999 xx 000 0 und d
082 _aSC/331.87/P45
110 _aDirección General de Educación Básica Laboral y Calificación
245 0 _aManual de Mejora de Métodos de Trabajo
260 _aLima
260 _c1975
300 _a108
650 _aEDUCACION
650 _aTRABAJO
942 _cLIB
999 _c3027
_d3027